Historia Universal
Guardat en:
| Autor principal: | |
|---|---|
| Format: | Llibre |
| Idioma: | espanyol |
| Publicat: |
París
Garnier Hermanos
1844
|
| Matèries: | |
| Etiquetes: |
Afegir etiqueta
Sense etiquetes, Sigues el primer a etiquetar aquest registre!
|
MARC
| LEADER | 00000nam a2200000 a 4500 | ||
|---|---|---|---|
| 001 | UCH2423 | ||
| 003 | CL-VaPUC | ||
| 008 | 090611e18440000FR |||||||||||||||||spa|d | ||
| 082 | 0 | 4 | |a 909 |b CAN |2 21 |
| 100 | 0 | |a Cantú, César |e author |9 537229 | |
| 245 | 1 | 0 | |a Historia Universal |
| 300 | |a t | ||
| 942 | |c BK | ||
| 945 | |d 20090611 00:00:00 |a dcastane | ||
| 260 | |a París |b Garnier Hermanos |c 1844 | ||
| 500 | |a Traducida del italiano conforme a la última edición de Turín única edición española completa,aprobada porr el autor, hecha a su vista y con su cooperación. Ilutrada con láminas, retratos y mapas | ||
| 650 | 7 | |a HISTORIA UNIVERSAL SIGLOS 16-17 |2 CL-VaPUC |9 537230 | |
| 583 | |a last modification |c 20160901 10:38:40 |k Rodrigo Vera | ||
| 999 | |c 334163 |d 334161 | ||
| 952 | |0 0 |1 0 |4 0 |6 909_000000000000000_CAN_1844 |7 0 |8 X |9 422997 |a FDOBUD |b FDOBUD |d 2019-11-22 |h t.5 |i 4555856 |o 909 CAN 1844 |p 4555856 |r 2019-11-22 |w 2019-11-22 |y BK_X |k BUD | ||